000 00643nam a22002177a 4500
005 2010072705065.0
010 _aENG-97116
020 _c200.00
035 _aEN-80649
037 _bDBAD/PUB
082 _aS
100 _aPadmanabhan, T
_93505
245 _aFifteen stories /
_cby T Padmanabhan
260 _aCalicut
_bTarjuma
_c2008
270 _aBook Point,Ummer Mansion,M.M Ali Road,Calicut
_e673002
300 _a152p.
_c23 cm(pbk)
700 _91608
700 _91647
942 _2ddc
_cEN
_mPAD
_hS
999 _c37910
_d37910